Missing Word: 'Movie' Movies Quiz Stats

 Plays Quiz Updated Feb 26, 2019

Score 0/14 Timer 02:30
3 Plays Today
Movie Missing Word % Correct
The Brady _____ MovieBunch
96.6%
_____ Little Pony: The MovieMy
95.3%
Mighty Morphin _____ Rangers: The MoviePower
94.1%
The _____ Bunny/Road Runner MovieBugs
88.4%
_____ Another Teen MovieNot
88.2%
The _____ Birds MovieAngry
83.3%
_____ and Chong's Next MovieCheech
82.5%
Movie Missing Word % Correct
The SpongeBob Movie: Sponge Out of _____Water
82.5%
Twilight _____: The MovieZone
80.3%
The Garbage Pail _____ MovieKids
72.2%
The _____ Batman MovieLego
67.4%
_____ from the Darkside: The MovieTales
60.3%
Shaun the _____ MovieSheep
51.1%
The Kentucky _____ MovieFried
51%

Today's Daily Dose

Missing Word
Movies of 1964

Get the Picture
Rock Bands

You're not logged in!

Compare scores with friends on all Sporcle quizzes.
OR
Log In

You Might Also Like...

Show Comments

Extras

Top Quizzes Today


Score Distribution

Your Account Isn't Verified!

In order to create a playlist on Sporcle, you need to verify the email address you used during registration. Go to your Sporcle Settings to finish the process.

Report this User

Report this user for behavior that violates our Community Guidelines.

Details: